| 000 | 00395nam a2200145Ia 4500 | ||
|---|---|---|---|
| 008 | 230917s9999||||xx |||||||||||||| ||und|| | ||
| 040 |
_e198114 _aMAIN |
||
| 041 | _aEnglish | ||
| 082 | _a301.35 S23F | ||
| 100 | _aSharma, O P | ||
| 245 | 0 | _aFundamentals of rural sociology and educational psychology | |
| 260 |
_aUdaipur _bAgrotech Publishing Academy _c2012 |
||
| 300 | _a320 p. | ||
| 942 | _cBK | ||
| 999 |
_c170125 _d170125 |
||